[Event "Buenos Aires Szmetan/Giardelli-A"]
[Site "Buenos Aires"]
[Date "2019.12.04"]
[Round "4"]
[White "Ricardi, Pablo"]
[Black "Felgaer, Ruben Alejandro"]
[Result "0-1"]
[WhiteElo "2493"]
[BlackElo "2560"]
[PlyCount "88"]
[EventDate "2019.12.01"]
[EventType "tourn"]
[EventRounds "11"]
[EventCountry "ARG"]
[EventCategory "13"]
[SourceTitle "CBM 193 Extra"]
[Source "ChessBase"]
[SourceDate "2020.01.31"]
[SourceVersion "1"]
[SourceVersionDate "2020.01.31"]
[SourceQuality "1"]

1. e4 c5 2. Nf3 e6 3. g3 Nc6 4. Bg2 Nf6 5. d3 d6 6. 0-0 Be7 7. c3 0-0 8. Nbd2 Qc7 9. Re1 Rb8 10. d4 b5 11. a4 cxd4 12. cxd4 bxa4 13. Re3 d5 14. Qc2 Qb6 15. e5 Ng4 16. Rc3 Nxd4 17. Nxd4 Qxd4 18. Nf3 Qe4 19. Rxa4 Bb4 20. h3 Nh6 21. Be3 Bd7 22. Rxa7 Bxc3 23. Qxc3 Qb1+ 24. Kh2 Rfc8 25. Qa3 Be8 26. Nd4 Nf5 27. Nxf5 Qxf5 28. b4 h6 29. h4 Rc4 30. b5 Bxb5 31. Qd6 Rbc8 32. Bh3 Qg6 33. Re7 Be8 34. Bxe6 fxe6 35. Rxe6 Qf7 36. Re7 R4c6 37. Qb4 Qf8 38. Qb7 Bf7 39. e6 Bxe6 40. Bd4 Bf7 41. Rd7 Rc4 42. Be5 Rc2 43. Bd4 R8c4 44. Bb6 Be6 0-1

[Event "Buenos Aires Szmetan/Giardelli-A"]
[Site "Buenos Aires"]
[Date "2019.12.02"]
[Round "2"]
[White "Ricardi, Pablo"]
[Black "Delgado Ramirez, Neuris"]
[Result "0-1"]
[WhiteElo "2493"]
[BlackElo "2628"]
[PlyCount "110"]
[EventDate "2019.12.01"]
[EventType "tourn"]
[EventRounds "11"]
[EventCountry "ARG"]
[EventCategory "13"]
[SourceTitle "CBM 193 Extra"]
[Source "ChessBase"]
[SourceDate "2020.01.31"]
[SourceVersion "1"]
[SourceVersionDate "2020.01.31"]
[SourceQuality "1"]

1. Nf3 d5 2. c4 d4 3. g3 g6 4. Bg2 Bg7 5. 0-0 e5 6. d3 Ne7 7. e3 dxe3 8. fxe3 e4 9. Ng5 Qxd3 10. Qxd3 exd3 11. Rxf7 Rg8 12. Rf2 Nbc6 13. Nc3 h6 14. Nge4 Bf5 15. Bd2 0-0-0 16. h3 Kb8 17. g4 Bc8 18. Nf6 Bxf6 19. Rxf6 Ne5 20. b3 h5 21. gxh5 gxh5 22. Kh2 Nf5 23. Rf1 Nh4 24. Be4 Rg7 25. Rf8 Nef3+ 26. R1xf3 Rg2+ 27. Kh1 Rxf8 28. Rxf8 Rxd2 29. Rd8 c6 30. Rxd3 Rb2 31. Rd8 Kc7 32. Rf8 Bxh3 33. Rf4 Bg4 34. Kg1 Kd6 35. Rf2 Rxf2 36. Kxf2 Ke5 37. Kg3 Nf5+ 38. Bxf5 Bxf5 39. Kh4 Bg4 40. b4 b6 41. Kg5 Be6 42. a3 Bf7 43. c5 b5 44. Kh4 Kf5 45. Kg3 Be8 46. Kh4 Bg6 47. a4 bxa4 48. Nxa4 Be8 49. Nc3 a6 50. Kg3 Bf7 51. Kh4 Bg6 52. Ne2 Ke4 53. Nd4 Be8 54. Nxc6 Bxc6 55. Kxh5 Kxe3 0-1

[Event "Montevideo Duchamp Cup 3rd"]
[Site "Montevideo"]
[Date "2019.02.14"]
[Round "7"]
[White "Hurtado Bahamonde, Rodrigo And"]
[Black "Ricardi, Pablo"]
[Result "0-1"]
[WhiteElo "2172"]
[BlackElo "2479"]
[PlyCount "116"]
[EventDate "2019.02.09"]
[EventType "swiss"]
[EventRounds "9"]
[EventCountry "URU"]
[SourceTitle "CBM 188 Extra"]
[Source "ChessBase"]
[SourceDate "2019.02.26"]
[SourceVersion "1"]
[SourceVersionDate "2019.02.26"]
[SourceQuality "1"]

1. e4 c5 2. Nf3 e6 3. d4 cxd4 4. Nxd4 a6 5. Nc3 Qc7 6. Qf3 Nf6 7. Qg3 d6 8. Be3 b5 9. a3 Bb7 10. Bd3 Nbd7 11. 0-0 Rc8 12. Rae1 Ne5 13. f4 Nc4 14. e5 dxe5 15. fxe5 Nxe3 16. Rxe3 Bc5 17. Bxb5+ axb5 18. Ncxb5 Qb6 19. c3 Nh5 20. Qh3 g6 21. g4 Ng7 22. Qh6 Bxd4 23. Nd6+ Qxd6 24. exd6 Bxe3+ 25. Qxe3 0-0 26. Qa7 Bd5 27. Qe7 Rce8 28. Qc7 Rc8 29. Qe7 Rce8 30. Qc7 e5 31. c4 Be6 32. c5 Bxg4 33. d7 Bxd7 34. Qxd7 e4 35. c6 e3 36. c7 Nf5 37. b4 Ne7 38. b5 e2 39. Re1 Nc8 40. Kf2 Re7 41. Qc6 Re6 42. Qc5 Rfe8 43. a4 Re5 44. Qxe5 Rxe5 45. Rxe2 Rxe2+ 46. Kxe2 Kf8 47. a5 Ke7 48. b6 Kd7 49. Kf3 Kc6 50. h4 h5 51. Kf4 f6 52. Kf3 Nd6 53. Kg2 Kb7 54. Kf3 Nc4 55. a6+ Kc8 56. b7+ Kxc7 57. Ke4 Nb6 58. Kd4 g5 0-1

[Event "Montevideo Duchamp Cup 3rd"]
[Site "Montevideo"]
[Date "2019.02.12"]
[Round "5"]
[White "Hernandez Guerrero, Gilberto Eduardo"]
[Black "Ricardi, Pablo"]
[Result "1-0"]
[WhiteElo "2533"]
[BlackElo "2479"]
[PlyCount "79"]
[EventDate "2019.02.09"]
[EventType "swiss"]
[EventRounds "9"]
[EventCountry "URU"]
[SourceTitle "CBM 188 Extra"]
[Source "ChessBase"]
[SourceDate "2019.02.26"]
[SourceVersion "1"]
[SourceVersionDate "2019.02.26"]
[SourceQuality "1"]

1. e4 c5 2. Nf3 d6 3. d4 cxd4 4. Nxd4 Nf6 5. Nc3 a6 6. Be2 e5 7. Nf3 Be7 8. Bg5 Nbd7 9. a4 h6 10. Be3 b6 11. Nd2 Bb7 12. 0-0 Nc5 13. Bxc5 dxc5 14. Bc4 0-0 15. Qe2 Re8 16. Rfd1 Bf8 17. Nf1 Qc8 18. Ne3 Bc6 19. Ned5 Nxd5 20. Bxd5 Bxd5 21. Nxd5 Qc6 22. c4 Rab8 23. h3 Rec8 24. b3 Rd8 25. Ra2 Rd6 26. Qh5 Qe8 27. Rd3 g6 28. Qf3 Qc6 29. Rad2 b5 30. axb5 axb5 31. Ra2 bxc4 32. bxc4 Ra8 33. Rda3 Rxa3 34. Rxa3 Qb7 35. Rb3 Qa7 36. Qc3 Bg7 37. Qb2 Rd8 38. Rb7 Qa5 39. Kh2 h5 40. Ne7+ 1-0

[Event "Mar del Plata Duchamp op 45th"]
[Site "Mar del Plata"]
[Date "2014.04.16"]
[Round "6"]
[White "Ricardi, Pablo"]
[Black "Mahia, Gustavo"]
[Result "0-1"]
[WhiteElo "2461"]
[BlackElo "2348"]
[PlyCount "68"]
[EventDate "2014.04.12"]
[EventType "swiss"]
[EventRounds "9"]
[EventCountry "ARG"]
[SourceTitle "CBM 159 Extra"]
[Source "ChessBase"]
[SourceDate "2014.04.24"]
[SourceVersion "1"]
[SourceVersionDate "2014.04.24"]
[SourceQuality "1"]

1. d4 Nf6 2. c4 g6 3. Nc3 Bg7 4. e4 d6 5. Nf3 0-0 6. Be3 e5 7. dxe5 dxe5 8. Qxd8 Rxd8 9. Nd5 Na6 10. 0-0-0 Bg4 11. h3 Bxf3 12. gxf3 c6 13. Nxf6+ Bxf6 14. Be2 b6 15. a3 Nc5 16. Kc2 Ne6 17. b4 Nd4+ 18. Bxd4 exd4 19. f4 Bh4 20. Rhf1 a5 21. Kb3 axb4 22. axb4 Ra7 23. Ra1 Rxa1 24. Rxa1 d3 25. Bf3 Bxf2 26. e5 d2 27. Kc2 Rd4 28. Ra3 Be1 29. Be2 Rxf4 30. Ra6 Re4 31. Kd3 Rh4 32. Rxb6 Rxh3+ 33. Kc2 Rc3+ 34. Kb2 Rxc4 0-1

[Event "Mar del Plata Duchamp op 45th"]
[Site "Mar del Plata"]
[Date "2014.04.13"]
[Round "3"]
[White "Leskovar, Matias"]
[Black "Ricardi, Pablo"]
[Result "0-1"]
[WhiteElo "2253"]
[BlackElo "2461"]
[PlyCount "96"]
[EventDate "2014.04.12"]
[EventType "swiss"]
[EventRounds "9"]
[EventCountry "ARG"]
[SourceTitle "CBM 159 Extra"]
[Source "ChessBase"]
[SourceDate "2014.04.24"]
[SourceVersion "1"]
[SourceVersionDate "2014.04.24"]
[SourceQuality "1"]

1. d4 Nf6 2. Nf3 e6 3. Bg5 c5 4. e3 Qb6 5. Qc1 Ne4 6. Bf4 Nc6 7. Bd3 d5 8. c3 Bd7 9. Nbd2 Nf6 10. h3 Rc8 11. 0-0 Be7 12. Qb1 h6 13. a3 cxd4 14. cxd4 a5 15. Rc1 0-0 16. b3 Na7 17. Ne5 Rxc1+ 18. Qxc1 Bb5 19. Qb2 Bxd3 20. Nxd3 Qb5 21. Ne5 Qe2 22. a4 Ne4 23. Ndc4 Qxb2 24. Nxb2 g5 25. Bg3 Rc8 26. Nd1 Bd6 27. Bh2 Rc2 28. Nd3 Bxh2+ 29. Kxh2 Rd2 30. Ne5 Nxf2 31. Nxf2 Rxf2 32. Rc1 Nc6 33. Nxc6 bxc6 34. Rxc6 Rb2 35. Rc3 Kg7 36. Kg3 h5 37. Kf3 f5 38. h4 g4+ 39. Kf4 Kf6 40. Kg3 Re2 41. Kh2 Ke7 42. Kg3 Kd6 43. Kf4 Rxg2 44. Kg5 Re2 45. Kxh5 g3 46. Kg5 g2 47. Rc1 Rxe3 48. h5 Rg3+ 0-1

[Event "Buenos Aires CC Argentino-ch"]
[Site "Buenos Aires"]
[Date "2013.11.18"]
[Round "5.1"]
[White "Mareco, Sandro"]
[Black "Ricardi, Pablo"]
[Result "1-0"]
[WhiteElo "2565"]
[BlackElo "2465"]
[PlyCount "87"]
[EventDate "2013.10.16"]
[EventType "k.o."]
[EventRounds "10"]
[EventCountry "ARG"]
[SourceTitle "EXT 2016"]
[Source "ChessBase"]
[SourceDate "2015.10.08"]
[SourceVersion "1"]
[SourceVersionDate "2015.10.08"]
[SourceQuality "1"]

1. e4 c5 2. Nf3 a6 3. c4 e6 4. Nc3 Nc6 5. d4 cxd4 6. Nxd4 d6 7. Be2 Be7 8. 0-0 Nf6 9. Be3 0-0 10. Qd2 Bd7 11. Nc2 Qb8 12. Rfd1 Rc8 13. f3 Bd8 14. Kh1 Bc7 15. Bg5 Ne8 16. Bf4 Rd8 17. Bg3 Ne5 18. a4 Ng6 19. a5 b6 20. axb6 Qxb6 21. b4 h5 22. h3 d5 23. c5 Qb8 24. Bxc7 Nxc7 25. exd5 Nxd5 26. Nxd5 Bc6 27. Ne7+ Nxe7 28. Qxd8+ Qxd8 29. Rxd8+ Rxd8 30. Bxa6 Rd2 31. Ne1 Rb2 32. Nd3 Rb3 33. Bc4 Rc3 34. Rc1 Rxc1+ 35. Nxc1 Ba4 36. b5 Kf8 37. Ne2 Ke8 38. Nc3 Bc2 39. b6 Kd8 40. Bb5 Kc8 41. Be8 Bd3 42. Bxf7 Kd7 43. Bxh5 Ba6 44. Ne4 1-0

[Event "San Luis"]
[Site "San Luis"]
[Date "2013.06.01"]
[Round "9"]
[White "Roselli Mailhe, Bernardo"]
[Black "Ricardi, Pablo"]
[Result "1/2-1/2"]
[WhiteElo "2435"]
[BlackElo "2481"]
[PlyCount "24"]
[EventDate "2013.05.24"]
[EventType "tourn"]
[EventRounds "9"]
[EventCountry "ARG"]
[EventCategory "7"]
[SourceTitle "CBM 154 Extra"]
[Source "ChessBase"]
[SourceDate "2013.06.25"]
[SourceVersion "2"]
[SourceVersionDate "2013.06.25"]
[SourceQuality "1"]

1. d4 Nf6 2. c4 e6 3. Nc3 Bb4 4. Qc2 c5 5. dxc5 Na6 6. a3 Bxc3+ 7. Qxc3 Nxc5 8. b4 Nce4 9. Qd4 d5 10. c5 h6 11. f3 Ng5 12. Bb2 0-0 1/2-1/2

[Event "San Luis"]
[Site "San Luis"]
[Date "2013.05.28"]
[Round "5"]
[White "Ricardi, Pablo"]
[Black "Lorenzini, Martin"]
[Result "1/2-1/2"]
[WhiteElo "2481"]
[BlackElo "2484"]
[PlyCount "40"]
[EventDate "2013.05.24"]
[EventType "tourn"]
[EventRounds "9"]
[EventCountry "ARG"]
[EventCategory "7"]
[SourceTitle "CBM 154 Extra"]
[Source "ChessBase"]
[SourceDate "2013.06.25"]
[SourceVersion "2"]
[SourceVersionDate "2013.06.25"]
[SourceQuality "1"]

1. e4 e5 2. Nf3 Nc6 3. Nc3 Nf6 4. d4 exd4 5. Nxd4 Bb4 6. Nxc6 bxc6 7. Bd3 d5 8. exd5 cxd5 9. 0-0 0-0 10. h3 c6 11. Qf3 Be6 12. Bg5 Be7 13. Rfe1 h6 14. Bxh6 gxh6 15. Rxe6 fxe6 16. Qg3+ Kh8 17. Qg6 Qe8 18. Qxh6+ Kg8 19. Qg5+ Kh8 20. Qh6+ Kg8 1/2-1/2

[Event "San Luis"]
[Site "San Luis"]
[Date "2013.05.26"]
[Round "3"]
[White "Ricardi, Pablo"]
[Black "Flores, Diego"]
[Result "0-1"]
[WhiteElo "2481"]
[BlackElo "2586"]
[PlyCount "150"]
[EventDate "2013.05.24"]
[EventType "tourn"]
[EventRounds "9"]
[EventCountry "ARG"]
[EventCategory "7"]
[SourceTitle "CBM 154 Extra"]
[Source "ChessBase"]
[SourceDate "2013.06.25"]
[SourceVersion "2"]
[SourceVersionDate "2013.06.25"]
[SourceQuality "1"]

1. Nf3 Nf6 2. g3 g6 3. b3 Bg7 4. Bb2 0-0 5. Bg2 c5 6. c4 Nc6 7. 0-0 d6 8. d4 Ne4 9. Na3 cxd4 10. Nxd4 Nxd4 11. Bxd4 Nc3 12. Bxc3 Bxc3 13. Rb1 Qa5 14. Nb5 Bg7 15. a4 Bf5 16. e4 Bd7 17. Qe1 Qb6 18. Qb4 Rfc8 19. a5 Qc5 20. Qxc5 Rxc5 21. Rfc1 a6 22. b4 Rcc8 23. Nc3 e6 24. Bf1 Kf8 25. Rb3 Ke7 26. Rd1 Rab8 27. Ra3 b6 28. axb6 Rxb6 29. c5 dxc5 30. bxc5 Rb4 31. Na2 Rxe4 32. Rxa6 Rxc5 33. Nc1 Rc7 34. Nd3 Ra4 35. Nc5 Rxa6 36. Nxa6 Rc2 37. Nb4 Rb2 38. Nd3 Rb6 39. Nc5 Be8 40. Bg2 g5 41. h3 h6 42. Bf3 Rb5 43. Ne4 Be5 44. Nd2 Rb4 45. Kg2 Bd4 46. Nf1 Bb6 47. Rd2 f5 48. g4 Bb5 49. Ng3 f4 50. Ne4 Rb1 51. Be2 Bd7 52. Bf3 Rb4 53. Rc2 Bd4 54. Nc5 Bxc5 55. Rxc5 Kd6 56. Ra5 Bb5 57. Ra2 e5 58. Rd2+ Rd4 59. Rb2 Bc4 60. Rb6+ Kc5 61. Rxh6 e4 62. Bxe4 Rxe4 63. Rh5 Bd5 64. Kf1 Re5 65. h4 Bf3 66. hxg5 Rd5 67. g6 Rxh5 68. gxh5 Bxh5 69. g7 Bf7 70. Ke2 Kd4 71. Kf3 Ke5 72. Kg4 Ke4 73. Kg5 f3 74. Kg4 Bg8 75. Kg3 Be6 0-1

[Event "Moron Panno Masters 2nd"]
[Site "Moron"]
[Date "2013.05.20"]
[Round "7"]
[White "Ricardi, Pablo"]
[Black "Perez Ponsa, Federico"]
[Result "1/2-1/2"]
[WhiteElo "2481"]
[BlackElo "2474"]
[PlyCount "158"]
[EventDate "2013.05.12"]
[EventType "tourn"]
[EventRounds "9"]
[EventCountry "ARG"]
[EventCategory "8"]
[SourceTitle "CBM 154 Extra"]
[Source "ChessBase"]
[SourceDate "2013.06.25"]
[SourceVersion "2"]
[SourceVersionDate "2013.06.25"]
[SourceQuality "1"]

1. e4 e5 2. Nf3 Nc6 3. d4 exd4 4. Nxd4 Bc5 5. Nxc6 Qf6 6. Qf3 bxc6 7. Nc3 Bd4 8. Bd2 Rb8 9. Bc4 Ne7 10. Qxf6 gxf6 11. 0-0-0 Rg8 12. g3 d6 13. Be1 Bb6 14. h3 Be6 15. Bb3 Kd7 16. f4 Rbe8 17. e5 f5 18. Rh2 Rg6 19. Re2 Reg8 20. Na4 d5 21. c4 Rxg3 22. Bxg3 Rxg3 23. Nc3 d4 24. c5 Bxc5 25. Na4 Bb6 26. Nxb6+ axb6 27. Rxd4+ Bd5 28. Rdd2 Ke6 29. Rg2 Rxh3 30. Rh2 Rf3 31. Rdf2 Rg3 32. Rfg2 Rf3 33. Rf2 Rg3 34. Rfg2 Rg4 35. Rxg4 fxg4 36. Kd2 Bxb3 37. axb3 Nd5 38. Rh6+ Kf5 39. Rxh7 Kxf4 40. Rxf7+ Kxe5 41. Ke2 Ke4 42. Rg7 Nf4+ 43. Kf2 Nd3+ 44. Ke2 Nc1+ 45. Kd1 Nxb3 46. Rxg4+ Kd5 47. Rg7 Kd6 48. Rg6+ Kd7 49. Rg7+ Kc8 50. Kc2 Nd4+ 51. Kd3 Nb5 52. Rh7 Kb7 53. Rh8 c5 54. Rh6 Nd6 55. Rh7 b5 56. Rh8 Kb6 57. Rh7 c6 58. Rh8 c4+ 59. Kc3 Ne4+ 60. Kc2 Nf6 61. b3 cxb3+ 62. Kxb3 Nd5 63. Rh6 Nc7 64. Rg6 Na6 65. Rh6 Nc5+ 66. Kb4 Nd3+ 67. Kc3 Ne5 68. Kb4 Nd3+ 69. Kc3 Nf4 70. Kd4 Nd5 71. Re6 Nc7 72. Rh6 Na6 73. Rg6 Nc5 74. Rh6 Nb7 75. Rg6 Na5 76. Rh6 b4 77. Rh5 Ka6 78. Kc5 b3 79. Rh2 Kb7 1/2-1/2

[Event "Moron Panno Masters 2nd"]
[Site "Moron"]
[Date "2013.05.16"]
[Round "5"]
[White "Real de Azua, Ernesto"]
[Black "Ricardi, Pablo"]
[Result "1/2-1/2"]
[WhiteElo "2458"]
[BlackElo "2481"]
[PlyCount "44"]
[EventDate "2013.05.12"]
[EventType "tourn"]
[EventRounds "9"]
[EventCountry "ARG"]
[EventCategory "8"]
[SourceTitle "CBM 154 Extra"]
[Source "ChessBase"]
[SourceDate "2013.06.25"]
[SourceVersion "2"]
[SourceVersionDate "2013.06.25"]
[SourceQuality "1"]

1. d4 Nf6 2. c4 e6 3. Nf3 b6 4. g3 Ba6 5. Qc2 Bb4+ 6. Bd2 Be7 7. Bg2 0-0 8. 0-0 c6 9. Rd1 d5 10. b3 Nbd7 11. Bf4 Rc8 12. Nc3 Bb4 13. a3 Be7 14. e4 dxc4 15. bxc4 Bxc4 16. Nd2 Ba6 17. Qa4 Bd3 18. Ndb1 b5 19. Qxa7 Bc2 20. Rc1 Bd3 21. Rd1 Bc2 22. Rc1 Bd3 1/2-1/2

[Event "Moron Panno Masters 2nd"]
[Site "Moron"]
[Date "2013.05.15"]
[Round "4"]
[White "Ricardi, Pablo"]
[Black "Barrionuevo, Pablo"]
[Result "0-1"]
[WhiteElo "2481"]
[BlackElo "2292"]
[PlyCount "120"]
[EventDate "2013.05.12"]
[EventType "tourn"]
[EventRounds "9"]
[EventCountry "ARG"]
[EventCategory "8"]
[SourceTitle "CBM 154 Extra"]
[Source "ChessBase"]
[SourceDate "2013.06.25"]
[SourceVersion "2"]
[SourceVersionDate "2013.06.25"]
[SourceQuality "1"]

1. c4 e6 2. Nf3 d5 3. b3 Nf6 4. g3 Be7 5. Bg2 0-0 6. 0-0 c5 7. e3 Nc6 8. Qe2 d4 9. exd4 cxd4 10. d3 Nd7 11. a3 a5 12. Nbd2 Nc5 13. Rb1 f5 14. Ne1 Qc7 15. f4 Rb8 16. Qd1 b5 17. cxb5 Rxb5 18. Qc2 Bb7 19. Nc4 Ba8 20. Bd2 Rfb8 21. b4 axb4 22. axb4 Na6 23. Na3 R5b6 24. Nf3 Naxb4 25. Bxb4 Bxb4 26. Ne5 Bxa3 27. Rxb6 Qxb6 28. Nxc6 Bxc6 29. Qxc6 Qxc6 30. Bxc6 Rb3 31. Rd1 Kf7 32. Kf1 Kf6 33. Ke2 Bb4 34. Kf3 Rb2 35. h3 Bd2 36. g4 Be3 37. gxf5 exf5 38. Rf1 g6 39. Kg3 h5 40. h4 Ke7 41. Bd5 Re2 42. Bc4 Bd2 43. Ra1 Be1+ 44. Kh3 Re3+ 45. Kg2 Bxh4 46. Ra7+ Kf8 47. Ra8+ Re8 48. Ra6 Kg7 49. Ra7+ Re7 50. Ra8 Bf6 51. Rg8+ Kh7 52. Rf8 Bg7 53. Rd8 Re2+ 54. Kf3 Re3+ 55. Kf2 h4 56. Rd6 Rg3 57. Bf7 Rg4 58. Ra6 Bh6 59. Ra7 Bxf4 60. Kf3 Be3 0-1

[Event "Moron Panno Masters 2nd"]
[Site "Moron"]
[Date "2013.05.13"]
[Round "2"]
[White "Ricardi, Pablo"]
[Black "Obregon, Carlos Andres"]
[Result "1/2-1/2"]
[WhiteElo "2481"]
[BlackElo "2478"]
[PlyCount "99"]
[EventDate "2013.05.12"]
[EventType "tourn"]
[EventRounds "9"]
[EventCountry "ARG"]
[EventCategory "8"]
[SourceTitle "CBM 154 Extra"]
[Source "ChessBase"]
[SourceDate "2013.06.25"]
[SourceVersion "2"]
[SourceVersionDate "2013.06.25"]
[SourceQuality "1"]

1. e4 c5 2. Nf3 d6 3. Bb5+ Nd7 4. 0-0 Ngf6 5. Re1 a6 6. Bxd7+ Nxd7 7. c3 e6 8. d4 Be7 9. Bf4 0-0 10. a4 Qc7 11. Nbd2 b6 12. b4 Bb7 13. Rc1 c4 14. Qe2 b5 15. Ra1 Nb6 16. a5 Na4 17. Rec1 Nb2 18. Ne1 e5 19. Be3 f5 20. f3 d5 21. exd5 Bf6 22. Nf1 Na4 23. dxe5 Qxe5 24. Qd2 Nxc3 25. f4 Qxd5 26. Rxc3 Qxd2 27. Bxd2 Bd4+ 28. Ne3 Rad8 29. Kf1 Bf6 30. Ke2 Be4 31. Rac1 Rfe8 32. Nf3 Bxf3+ 33. gxf3 Rd4 34. R1c2 Rxf4 35. Kf2 Bd4 36. Bc1 Rh4 37. Kg3 f4+ 38. Kxh4 fxe3 39. Bxe3 Bxe3 40. Kg4 Bd4 41. Ra3 Bf6 42. f4 Re1 43. Kf3 Rb1 44. Re3 Rxb4 45. Re6 c3 46. Rxa6 Rb2 47. Rc1 Ra2 48. Rxf6 gxf6 49. Rxc3 Rxa5 50. Rc7 1/2-1/2

[Event "Blumenau Santa Catarina Cup 2nd"]
[Site "Blumenau"]
[Date "2013.02.13"]
[Round "3"]
[White "Ricardi, Pablo"]
[Black "Umetsubo, Cesar Hidemitsu"]
[Result "1-0"]
[WhiteElo "2501"]
[BlackElo "2288"]
[PlyCount "57"]
[EventDate "2013.02.11"]
[EventType "tourn"]
[EventRounds "9"]
[EventCountry "BRA"]
[EventCategory "3"]
[SourceTitle "CBM 153 Extra"]
[Source "ChessBase"]
[SourceDate "2013.04.22"]
[SourceVersion "1"]
[SourceVersionDate "2013.04.22"]
[SourceQuality "1"]

1. d4 Nf6 2. c4 e6 3. g3 d5 4. Bg2 Be7 5. Nf3 0-0 6. 0-0 dxc4 7. Qc2 a6 8. Qxc4 b5 9. Qc2 Bb7 10. Bf4 Nc6 11. Nc3 Nb4 12. Qb3 Nbd5 13. Rac1 Nxf4 14. gxf4 Rc8 15. Rfd1 c5 16. dxc5 Qc7 17. Ne5 Bxg2 18. Kxg2 Qxc5 19. Nd5 Qa7 20. Nc6 Rxc6 21. Nxf6+ Bxf6 22. Rxc6 Qb7 23. Qf3 g6 24. b3 a5 25. Rc5 Qb8 26. Rd7 Rc8 27. Rxc8+ Qxc8 28. Ra7 Qc1 29. Qb7 1-0

[Event "Buenos Aires La Porta op-A"]
[Site "Buenos Aires"]
[Date "2012.12.23"]
[Round "7"]
[White "Pichot, Alan"]
[Black "Ricardi, Pablo"]
[Result "1-0"]
[WhiteElo "2300"]
[BlackElo "2507"]
[PlyCount "101"]
[EventDate "2012.12.15"]
[EventType "swiss"]
[EventRounds "9"]
[EventCountry "ARG"]
[SourceTitle "CBM 152 Extra"]
[Source "ChessBase"]
[SourceDate "2013.02.25"]
[SourceVersion "1"]
[SourceVersionDate "2013.02.25"]
[SourceQuality "1"]

1. e4 e5 2. Nf3 Nc6 3. Bb5 Nf6 4. d3 Bc5 5. 0-0 d6 6. d4 exd4 7. Nxd4 0-0 8. Nxc6 bxc6 9. Bxc6 Rb8 10. Bg5 h6 11. Bh4 g5 12. Bg3 Rb6 13. Ba4 Nxe4 14. Nd2 Nxg3 15. hxg3 d5 16. c4 Ba6 17. Qc2 d4 18. Qf5 Be7 19. Bc2 Rg6 20. Rfe1 Bc8 21. Qe4 Bb4 22. Rad1 c5 23. Kh2 Bd7 24. Qd5 Rf6 25. a3 Ba5 26. Re5 Bc6 27. Qxd8 Rxd8 28. Rxc5 Rxf2 29. Rxa5 d3 30. Ba4 Rxg2+ 31. Kh3 Bxa4 32. Rxa4 Re2 33. Ra5 Rd4 34. Nf1 Rxb2 35. Rd2 Rc2 36. Rxa7 Kg7 37. Rc7 Kg6 38. c5 g4+ 39. Kh4 h5 40. Rc6+ f6 41. Rd6 Rdc4 42. R6xd3 Rxd2 43. Rxd2 Rxc5 44. Ne3 Rc1 45. Rd1 Rc3 46. Nd5 Rxa3 47. Nf4+ Kf5 48. Nxh5 Rf3 49. Rd4 Ke5 50. Rxg4 Rf1 51. Rf4 1-0

[Event "Buenos Aires Duchamp Memorial op 4th"]
[Site "Buenos Aires"]
[Date "2012.10.29"]
[Round "7"]
[White "Uelf, Maximiliano"]
[Black "Ricardi, Pablo"]
[Result "0-1"]
[WhiteElo "2157"]
[BlackElo "2505"]
[PlyCount "76"]
[EventDate "2012.10.22"]
[EventType "swiss"]
[EventRounds "9"]
[EventCountry "ARG"]
[SourceTitle "EXT 2013"]
[Source "ChessBase"]
[SourceDate "2012.11.22"]
[SourceVersion "1"]
[SourceVersionDate "2012.11.22"]
[SourceQuality "1"]

1. Nf3 c5 2. g3 g6 3. Bg2 Bg7 4. 0-0 Nf6 5. c3 0-0 6. d4 cxd4 7. cxd4 d5 8. Nc3 Ne4 9. Nxe4 dxe4 10. Ng5 Bxd4 11. Bxe4 Nc6 12. h4 Bg4 13. Bf3 Bxf3 14. Nxf3 Bg7 15. Qa4 Qb6 16. h5 Rfd8 17. hxg6 hxg6 18. Qh4 Bf6 19. Qh2 Rd5 20. Rb1 Qa5 21. Qg2 Qxa2 22. Be3 Rad8 23. Rfe1 Qb3 24. g4 a5 25. Qh3 Rd1 26. Kg2 Rxb1 27. Rxb1 Rd1 28. Rxd1 Qxd1 29. g5 Bxb2 30. Qc8+ Kg7 31. Qxb7 Qc2 32. Bc5 Qxc5 33. Qxb2+ e5 34. Nd2 Qd4 35. Qc2 Qg4+ 36. Kf1 Nd4 37. Qc4 Qh3+ 38. Kg1 a4 0-1